| 000 | 00929nam0a22002651 4500 | ||
|---|---|---|---|
| 001 | rc\4346652 | ||
| 005 | 20130416135128.3 | ||
| 035 | _a(NLR Aleph) 008276621 | ||
| 090 |
_a8490152 _c8490152 |
||
| 100 | _a20130416d1967 |||y0rusy50 ca | ||
| 101 | 0 | _arus | |
| 102 | _aRU | ||
| 105 | _aa z ||||| | ||
| 200 | 1 |
_aТехнология материалов _eКонспект лекций _fРост. высш. командно-инж. училище им. Гл. Маршала артиллерии Неделина М.И. |
|
| 210 |
_aРостов-на-Дону _cБ. и. _d1967 |
||
| 215 |
_a184 с. _cил. _d21 |
||
| 300 | _aОтпеч. множит. аппаратом | ||
| 320 | _aБиблиогр.: с. 180-181 | ||
| 333 | _aПродаже не подлежит | ||
| 700 | 1 |
_aГалустьян _bС. П. |
|
| 801 | 0 |
_aRU _bNLR _gpsbo |
|
| 801 | 1 |
_aRU _bELAR _2rusmarc |
|
| 852 |
_aNLR _j50к/9334 |
||
| 942 | _cBOOK | ||
| 980 | _aNB | ||